Catàleg de publicacions 1990 / Biblioteca de Catalunya
Descripción Física:
99 p. ; 30 cm
Materias:
Biblioteca de Catalunya -- Catàlegs
MARC
| LEADER | 00000nam a2200000Ia 4500 | ||
|---|---|---|---|
| 001 | 9826 | ||
| 008 | 160829s1990 xx 000 0 cat d | ||
| 080 | |a A-1-57 | ||
| 110 | 1 | |a Biblioteca de Catalunya |9 52741 | |
| 245 | |a Catàleg de publicacions 1990 / Biblioteca de Catalunya | ||
| 260 | |a Barcelona : |b Biblioteca de Catalunya, |c 1990 | ||
| 300 | |a 99 p. ; |c 30 cm | ||
| 650 | |a Biblioteca de Catalunya |x Catàlegs |9 23702 | ||
| 901 | |a Arxiu | ||
| 942 | |n 1 | ||
| 952 | |0 0 |1 0 |4 0 |6 A157 |7 1 |9 47688 |a Arxiu |b Arxiu |d 2016-12-01 |l 0 |o A-1-57 |p 9826 |r 2016-12-01 00:00:00 |w 2016-12-01 |y ARXIU | ||
| 999 | |c 51487 |d 51487 | ||